Additive combinatorics

Αποθηκεύτηκε σε:
Λεπτομέρειες βιβλιογραφικής εγγραφής
Κύριος συγγραφέας: Tao, Terence 1975-
Άλλοι συγγραφείς: Vu, Van 1970-
Μορφή: Βιβλίο
Γλώσσα:English
Δημοσίευση: Cambridge, UK ; New York : Cambridge University Press, 2010
Σειρά:Cambridge studies in advanced mathematics ; ; 105
Θέματα:
Ετικέτες: Προσθήκη ετικέτας
Δεν υπάρχουν, Καταχωρήστε ετικέτα πρώτοι!

MARC

LEADER 00000nam a2200000 i 4500
001 1/11448
008 101221s2010 eng d
020 |a 978-0-521-13656-3 
035 |l 10109414 
040 |a GR-MY-UA  |b gre  |e aacr 
041 0 |a eng 
082 0 |a 511.6  |2 (22) 
100 1 |a Tao, Terence  |d 1975- 
245 1 0 |a Additive combinatorics /  |c Terence Tao and Van H. Vu 
260 |a Cambridge, UK ; New York :   |b Cambridge University Press,   |c 2010 
300 |a xviii, 512 σ.;  |c 23 εκ. 
490 1 |a Cambridge studies in advanced mathematics  |v ; 105 
504 |a Βιβλιογραφία: σ.488-504. Ευρετήριο 
650 0 0 |a Additive combinatorics. 
700 1 |a Vu, Van  |d 1970- 
830 0 |a Cambridge studies in advanced mathematics ;  |v ; 105 
852 |a INST  |b SAMOS  |e 20101221  |h 511.6 TAO  |p 005300033093  |q 005300033093  |t BK  |y 0 
901 |a BIBL3-2010-3 
909 |a Σ  |b 166705 
922 |a 3ΕΛΗ  |b 201010  |c ΤΜΗΜΑ ΜΑΘΗΜΑΤΙΚΩΝ  |d ΜΙΧΑΛΟΠΟΥΛΟΣ 
970 |a ΚΟΣΙΕΡΗΣ  |b ΧΡΗΣΤΟΣ  |z 2010/12/21